000 00268nam a2200121Ia 4500
008 190216s9999||||xx |||||||||||||| ||und||
100 _aTandom B N
245 0 _aPractical Auditing
260 _bS Chand & Co
_c1978
300 _a818p
650 _aCommerce
942 _cBK
999 _c5085
_d5085